000 00777nam a22002417a 4500
001 17
003 FISKH
005 20250916122648.0
008 230106b |||||||| |||| 00| 0 eng d
020 _a9789996301278
040 _aFISKH
_bEng
_cFISKH
082 _a495.9
100 _aSoutheary, Kimsun
245 _aកុមារពងទាប្រៃ :
_bSalted egg child /
_cនិពន្ធដោយ អ្នកស្រី គឹមស៊ុន សុធារី
260 _aPhnom Penh​ :
_bReading Book ,
_c2010 .
300 _a20 pages;
_bcolor illustrations;
_c25 cm.
490 _aពិភពរឿងនិទាន
505 _aJ
521 _a500
_bFISKH
521 _aJ
_bRaz-Paz
700 _aSopheak, Van
_eIllustrator
942 _2ddc
_cKHB
_n0
999 _c17
_d17